[Event "XXIII Festival Conca della Presolana A"]
[Site "Bratto - Castione della Presolana ITA"]
[Date "2003.08.24"]
[Round "4"]
[White "Contini, Gabriele"]
[Black "Galli, Fabio"]
[Result "1/2-1/2"]
[WhiteElo "1969"]
[BlackElo "2086"]
[PlyCount "26"]
[EventDate "2003.08.21"]

1.d4 d5 2.Bg5 Nf6 3.Bxf6 exf6 4.e3 Bd6 5.c4 dxc4 6.Bxc4 O-O 7.Nc3 c6 8.Nf3
Be6 9.Be2 f5 10.O-O Nd7 11.Qd2 Nf6 12.Ng5 Re8 13.Nxe6 fxe6 1/2-1/2

[Event "XXIII Festival Conca della Presolana A"]
[Site "Bratto - Castione della Presolana ITA"]
[Date "2003.08.24"]
[Round "4"]
[White "Costantini, Roberto"]
[Black "Ricci, Alfredo"]
[Result "1-0"]
[WhiteElo "2334"]
[BlackElo "2037"]
[PlyCount "81"]
[EventDate "2003.08.21"]

1.e4 c5 2.Nf3 e6 3.d4 cxd4 4.Nxd4 a6 5.Bd3 Nc6 6.Nxc6 bxc6 7.O-O d5 8.c4 
Nf6 9.Nc3 dxe4 10.Nxe4 Be7 11.Qf3 Bd7 12.Rd1 Qc7 13.Qg3 Qxg3 14.hxg3 Nxe4 
15.Bxe4 e5 16.b3 h5 17.Bb2 f6 18.Bg6+ Kd8 19.Bc3 Kc8 20.Rd2 h4 21.gxh4 
Rxh4 22.Rad1 Bg4 23.f3 Bc5+ 24.Kf1 Rh1+ 25.Ke2 Rxd1 26.Rxd1 Be6 27.Rh1 Kd7
28.Rh7 Rg8 29.g4 Ke7 30.Bd2 Bd4 31.Kd3 c5 32.Kc2 Kf8 33.a3 Ke7 34.a4 Bf2 
35.a5 Bg1 36.Kc1 Bf2 37.Kb2 Rd8 38.Rxg7+ Kf8 39.Bh6 Be3 40.Rd7+ Bxh6 41.
Rxd8+ 1-0

[Event "XXIII Festival Conca della Presolana A"]
[Site "Bratto - Castione della Presolana ITA"]
[Date "2003.08.24"]
[Round "4"]
[White "Danieli, Enrico"]
[Black "Friedrich, Norbert"]
[Result "0-1"]
[WhiteElo "2120"]
[BlackElo "2252"]
[PlyCount "108"]
[EventDate "2003.08.21"]

1.Nf3 Nf6 2.d4 g6 3.Nc3 Bg7 4.e4 d5 5.Bd3 dxe4 6.Nxe4 Nxe4 7.Bxe4 O-O 8.c3
Nd7 9.O-O c5 10.Be3 Qc7 11.dxc5 Nxc5 12.Bc2 b6 13.Re1 Bb7 14.Bxc5 Qxc5 15.
Qe2 e6 16.Be4 Qc7 17.Rad1 Rad8 18.h3 Bc8 19.Bc2 Rxd1 20.Rxd1 Rd8 21.Rxd8+ 
Qxd8 22.Qd2 Qxd2 23.Nxd2 Kf8 24.Kf1 Ba6+ 25.Ke1 Ke7 26.Bd1 Bh6 27.Be2 Bb7 
28.g3 Bd5 29.c4 Bc6 30.Bd3 Bg7 31.b3 f5 32.h4 Kd6 33.Ke2 e5 34.b4 e4 35.
Bc2 Bc3 36.a3 Ke5 37.Bb3 Kd4 38.Nb1 Bd7 39.c5 bxc5 40.bxc5 Ba5 41.Bg8 h6 
42.Bh7 Kxc5 43.Bxg6 Kd4 44.Nd2 Bb5+ 45.Kd1 Kd3 46.Nb1 Ba4+ 47.Kc1 Bd7 48.
Kd1 Be6 49.Bh7 Bd7 50.Bg6 Bb6 51.Ke1 Kc2 52.g4 Kxb1 53.gxf5 Bd8 54.h5 Kb2 
0-1

[Event "XXIII Festival Conca della Presolana A"]
[Site "Bratto - Castione della Presolana ITA"]
[Date "2003.08.24"]
[Round "4"]
[White "De Vita, Igor"]
[Black "Guido, Flavio"]
[Result "1/2-1/2"]
[WhiteElo "2158"]
[BlackElo "2332"]
[PlyCount "51"]
[EventDate "2003.08.21"]

1.d4 Nf6 2.c4 e6 3.Nf3 b6 4.a3 Ba6 5.Qc2 c5 6.e4 cxd4 7.Nxd4 d6 8.Nc3 Nbd7
9.Be2 Bb7 10.O-O Be7 11.Be3 O-O 12.f4 Rc8 13.b4 a6 14.Rac1 Rc7 15.Bd3 Qa8 
16.Nde2 Rfc8 17.Qb1 Bf8 18.h3 h5 19.Kh2 Be7 20.g3 Rxc4 21.Bxc4 Rxc4 22.Qd3
b5 23.Nd4 Nxe4 24.Nxe4 Bxe4 25.Qd2 Nf6 26.Nb3 1/2-1/2

[Event "XXIII Festival Conca della Presolana A"]
[Site "Bratto - Castione della Presolana ITA"]
[Date "2003.08.24"]
[Round "4"]
[White "Del Dotto, Riccardo"]
[Black "Cardelli, Gabriele"]
[Result "1-0"]
[WhiteElo "2151"]
[BlackElo "1927"]
[PlyCount "23"]
[EventDate "2003.08.21"]

1.e4 d5 2.exd5 Qxd5 3.Nc3 Qa5 4.Bc4 Nf6 5.d3 Bg4 6.f3 Bh5 7.Bd2 c6 8.Qe2 
Nbd7 9.g4 Bg6 10.f4 h6 11.f5 Bh7 12.Nb5 1-0

[Event "XXIII Festival Conca della Presolana A"]
[Site "Bratto - Castione della Presolana ITA"]
[Date "2003.08.24"]
[Round "4"]
[White "Dittmar, Peter"]
[Black "Ranieri, Fabrizio"]
[Result "1-0"]
[WhiteElo "2349"]
[BlackElo "2170"]
[PlyCount "43"]
[EventDate "2003.08.21"]

1.Nf3 e6 2.c4 d5 3.b3 Nf6 4.Bb2 Be7 5.e3 O-O 6.Be2 b6 7.cxd5 exd5 8.O-O c5
9.d4 Bb7 10.Nc3 Nbd7 11.Rc1 Rc8 12.Qc2 Qc7 13.Rfd1 Qb8 14.Qf5 g6 15.Qb1 
Rfd8 16.h3 Nf8 17.Qa1 c4 18.Ne5 cxb3 19.axb3 Ne6 20.Ba3 Bxa3 21.Qxa3 a5 
22.Qe7 1-0

[Event "XXIII Festival Conca della Presolana A"]
[Site "Bratto - Castione della Presolana ITA"]
[Date "2003.08.24"]
[Round "4"]
[White "Drazic, Sinisa"]
[Black "Qendro, Llambi"]
[Result "1/2-1/2"]
[WhiteElo "2463"]
[BlackElo "2370"]
[PlyCount "149"]
[EventDate "2003.08.21"]

1.e4 g6 2.h4 Bg7 3.h5 d6 4.d4 c6 5.Nc3 Qb6 6.Nge2 Nd7 7.b3 Ndf6 8.h6 Bf8 
9.f3 e5 10.Be3 Nd7 11.Qd2 Qc7 12.O-O-O Ngf6 13.g4 Be7 14.g5 Nh5 15.Bh3 Nf8
16.Bg4 Bxg4 17.fxg4 Nf4 18.Nxf4 exf4 19.Bxf4 Ne6 20.Be3 Qd8 21.d5 Nxg5 22.
dxc6 bxc6 23.Qd4 Rf8 24.Qc4 Rc8 25.Rhf1 Qd7 26.Kb1 Ne6 27.Na4 Qb7 28.Nc3 
Qd7 29.Rd3 f6 30.Bxa7 Qxa7 31.Qxe6 Qd7 32.Qc4 Qxg4 33.a4 d5 34.exd5 Qxc4 
35.bxc4 Kf7 36.d6 Bd8 37.Ne4 Re8 38.Nc5 Re5 39.Nb3 c5 40.Rd5 Ke6 41.Rxe5+ 
fxe5 42.Rf8 Kxd6 43.Rh8 e4 44.Rxh7 e3 45.Nc1 Rb8+ 46.Ka2 Bf6 47.Nd3 e2 48.
Rf7 Bc3 49.h7 Re8 50.Rf2 g5 51.Rh2 g4 52.Rh6+ Kc7 53.Kb3 Bh8 54.Rh1 Rb8+ 
55.Ka2 g3 56.Rg1 Rd8 57.a5 Rd7 58.Nf4 Rd2 59.Kb3 Kb7 60.Re1 Rd4 61.Ne6 g2 
62.Nxc5+ Ka7 63.Nd3 Rh4 64.Rg1 Rh2 65.c3 Rxh7 66.Rxg2 Rh3 67.Rxe2 Rxd3 68.
c5 Rxc3+ 69.Kb4 Rc1 70.Re7+ Ka6 71.Re6+ Ka7 72.Kb5 Rb1+ 73.Kc6 Bd4 74.Re7+
Ka6 75.Re8 1/2-1/2

[Event "XXIII Festival Conca della Presolana A"]
[Site "Bratto - Castione della Presolana ITA"]
[Date "2003.08.24"]
[Round "4"]
[White "Frilli, Guido"]
[Black "Rosin, Federico"]
[Result "1/2-1/2"]
[WhiteElo "2071"]
[BlackElo "2117"]
[PlyCount "198"]
[EventDate "2003.08.21"]

1.e4 c5 2.Nf3 Nc6 3.Nc3 e6 4.Be2 Nf6 5.O-O Be7 6.h3 d5 7.exd5 Nxd5 8.Nxd5 
Qxd5 9.d3 O-O 10.Bd2 b6 11.Bc3 Bb7 12.Ne1 Nd4 13.Bxd4 Qxd4 14.Rb1 Rac8 15.
Bf3 Bd5 16.c3 Qe5 17.Qa4 Bd6 18.g3 Bb8 19.Rd1 Rfd8 20.d4 Qf5 21.Kg2 c4 22.
Rd2 b5 23.Qd1 a5 24.Nc2 Bd6 25.Bxd5 Qxd5+ 26.Kh2 Qg5 27.f4 Qe7 28.Ne3 g6 
29.Qf3 Bb8 30.d5 b4 31.Rfd1 bxc3 32.bxc3 e5 33.fxe5 Qxe5 34.Ng4 Qg5 35.
Nf6+ Kg7 36.Rf2 Be5 37.Ne4 Qe7 38.d6 Qd7 39.Rd5 Re8 40.Nc5 Rxc5 41.Rxc5 
Bxd6 42.Rxc4 f5 43.Rd4 Qc7 44.Rfd2 Re6 45.Qd3 Be7 46.Rd7 Qb8 47.Qd4+ Kf7 
48.Qd5 Kf6 49.Qxa5 Re3 50.Qc7 Qb5 51.c4 Qb1 52.Qc6+ Kg7 53.Qd6 Qe1 54.Qd4+
Kg8 55.Rg2 h5 56.c5 h4 57.gxh4 Re6 58.h5 Kh7 59.hxg6+ Kg8 60.c6 Bf6 61.
Rd8+ Kg7 62.Qa7+ Re7 63.Qg1 Qc3 64.Qd1 Be5+ 65.Kg1 Qe3+ 66.Kf1 Qf4+ 67.Rf2
Qc4+ 68.Kg1 Qxc6 69.Rd3 Bc3 70.Re2 Rb7 71.Rg2 Re7 72.Re2 Rb7 73.Qf1 Qc5+ 
74.Kg2 Bf6 75.Qf3 Rb1 76.Rde3 f4 77.Qxf4 Qd5+ 78.Re4 Qc5 79.Qe3 Qc7 80.
Re7+ Bxe7 81.Qxe7+ Qxe7 82.Rxe7+ Kxg6 83.Ra7 Kf5 84.Kg3 Rg1+ 85.Kh4 Rh1 
86.a4 Ra1 87.a5 Ra3 88.a6 Kg6 89.Ra8 Kg7 90.a7 Ra5 91.Kg4 Kh7 92.h4 Kg7 
93.h5 Kh7 94.Kf4 Ra1 95.h6 Ra2 96.Ke5 Ra1 97.Kd6 Ra2 98.Kc6 Ra1 99.Kb7 
Rb1+ 1/2-1/2

[Event "XXIII Festival Conca della Presolana A"]
[Site "Bratto - Castione della Presolana ITA"]
[Date "2003.08.24"]
[Round "4"]
[White "Garrapa, Gianluigi"]
[Black "Tirrito, Luca"]
[Result "0-1"]
[WhiteElo "1909"]
[BlackElo "2036"]
[PlyCount "72"]
[EventDate "2003.08.21"]

1.e4 e5 2.Nf3 d6 3.d4 exd4 4.Nxd4 Nf6 5.Nc3 Be7 6.Bc4 O-O 7.f3 Nc6 8.Be3 
a6 9.Bb3 Na5 10.Qd2 c5 11.Nde2 c4 12.Na4 Nd7 13.Nb6 Nxb3 14.axb3 Nxb6 15.
Qd4 Nd7 16.f4 cxb3 17.cxb3 Nc5 18.Ra3 b5 19.b4 Ne6 20.Qd5 Nc7 21.Qh5 Bb7 
22.Nc3 d5 23.O-O Bxb4 24.Rb3 Bxc3 25.Rxc3 d4 26.Rd3 Ne6 27.f5 Bxe4 28.Rd2 
Qd5 29.Qg4 h5 30.Qxh5 g6 31.Qg4 Bxf5 32.Qh4 Qe4 33.Bf4 Rac8 34.Qh6 Nxf4 
35.Rxf4 Rc1+ 36.Rf1 Qe3+ 0-1

[Event "XXIII Festival Conca della Presolana A"]
[Site "Bratto - Castione della Presolana ITA"]
[Date "2003.08.24"]
[Round "4"]
[White "Guglielmi, Giuseppe"]
[Black "Nardelli, Marco"]
[Result "1-0"]
[WhiteElo "1991"]
[BlackElo "1902"]
[PlyCount "35"]
[EventDate "2003.08.21"]

1.d4 Nf6 2.Nf3 e6 3.c4 c5 4.e3 cxd4 5.exd4 b6 6.Nc3 Bb7 7.Be2 Be7 8.O-O d5
9.Bf4 O-O 10.Rc1 a6 11.cxd5 Nxd5 12.Nxd5 Qxd5 13.Rc7 Bd8 14.Rc3 Qxa2 15.
Bd6 Re8 16.Bc4 Qa5 17.Ne5 Nc6 18.Ra3 1-0

[Event "XXIII Festival Conca della Presolana A"]
[Site "Bratto - Castione della Presolana ITA"]
[Date "2003.08.24"]
[Round "4"]
[White "Guidi, Maurizio"]
[Black "Bonetti, Marco"]
[Result "1/2-1/2"]
[WhiteElo "1936"]
[BlackElo "2105"]
[PlyCount "43"]
[EventDate "2003.08.21"]

1.e4 Nf6 2.Nc3 d5 3.exd5 Nxd5 4.Nf3 Bg4 5.Be2 Nc6 6.d4 Ndb4 7.a3 Nd5 8.O-O
g6 9.Nxd5 Qxd5 10.c4 Qd7 11.d5 Bxf3 12.Bxf3 Ne5 13.Bf4 Bg7 14.Bxe5 Bxe5 
15.Qe2 Qd6 16.g3 O-O 17.Rfe1 Bf6 18.Rac1 a5 19.c5 Qa6 20.Qc2 Qb5 21.a4 Qd7
22.b3 1/2-1/2

[Event "XXIII Festival Conca della Presolana A"]
[Site "Bratto - Castione della Presolana ITA"]
[Date "2003.08.24"]
[Round "4"]
[White "Horvath, Csaba"]
[Black "Belotti, Bruno"]
[Result "1-0"]
[WhiteElo "2513"]
[BlackElo "2435"]
[PlyCount "43"]
[EventDate "2003.08.21"]

1.d4 Nf6 2.c4 g6 3.Nc3 Bg7 4.Bg5 O-O 5.e4 d6 6.Qd2 a6 7.f4 h6 8.Bh4 Nbd7 
9.e5 Nh5 10.Nf3 c5 11.O-O-O cxd4 12.Nd5 Re8 13.Nxe7+ Rxe7 14.exd6 Ndf6 15.
dxe7 Qxe7 16.Bd3 Qc7 17.Kb1 Nxf4 18.Nxd4 Nxd3 19.Qxd3 Bg4 20.Rdf1 Nd7 21.
Qe4 h5 22.Rxf7 1-0

[Event "XXIII Festival Conca della Presolana A"]
[Site "Bratto - Castione della Presolana ITA"]
[Date "2003.08.24"]
[Round "4"]
[White "Lanzani, Giuliano"]
[Black "Maccagno, Giancarlo"]
[Result "1/2-1/2"]
[WhiteElo "2092"]
[BlackElo "2133"]
[PlyCount "36"]
[EventDate "2003.08.21"]

1.e4 g6 2.d4 d6 3.g3 Bg7 4.Bg2 Nf6 5.Ne2 O-O 6.O-O Nbd7 7.c4 c5 8.Nbc3 
cxd4 9.Nxd4 a6 10.Be3 Ne5 11.b3 Neg4 12.Bg5 h6 13.Bc1 Qa5 14.Bb2 Rb8 15.a3
Bd7 16.Nd5 Nxd5 17.exd5 h5 18.Rc1 Rbe8 1/2-1/2

[Event "XXIII Festival Conca della Presolana A"]
[Site "Bratto - Castione della Presolana ITA"]
[Date "2003.08.24"]
[Round "4"]
[White "Lapiccirella, Daniele"]
[Black "Salami, Marco"]
[Result "1/2-1/2"]
[WhiteElo "2087"]
[BlackElo "2177"]
[PlyCount "81"]
[EventDate "2003.08.21"]

1.d4 f5 2.Nf3 Nf6 3.g3 g6 4.Bg2 Bg7 5.O-O O-O 6.c4 d6 7.d5 c6 8.Nc3 e5 9.
dxe6 Bxe6 10.b3 Qe7 11.Bb2 Na6 12.Ng5 Bd7 13.Qd2 Rad8 14.Rad1 Bc8 15.Rfe1 
h6 16.Nf3 Nc5 17.Qc2 Nce4 18.e3 g5 19.Nd2 d5 20.cxd5 cxd5 21.Nf3 Qc5 22.
Nd4 Ng4 23.Nxe4 Qxc2 24.Nxc2 fxe4 25.Bxg7 Kxg7 26.Rd2 Ne5 27.Nb4 Be6 28.
Red1 Bg4 29.Rc1 Rf7 30.Rxd5 Rxd5 31.Nxd5 Nf3+ 32.Bxf3 exf3 33.Kf1 Rd7 34.
Rc7 Rxc7 35.Nxc7 Kf6 36.Nd5+ Ke5 37.Nc3 Bd7 38.Ke1 b5 39.b4 a6 40.Kd2 Be6 
41.a4 1/2-1/2

[Event "XXIII Festival Conca della Presolana A"]
[Site "Bratto - Castione della Presolana ITA"]
[Date "2003.08.24"]
[Round "4"]
[White "Lapiccirella, Mattia"]
[Black "Lovati, Paolo"]
[Result "0-1"]
[WhiteElo "2187"]
[BlackElo "2089"]
[PlyCount "32"]
[EventDate "2003.08.21"]

1.Nf3 Nf6 2.c4 d6 3.g3 c6 4.Bg2 e5 5.Nc3 Be6 6.d3 h6 7.O-O Be7 8.b4 O-O 9.
b5 Nbd7 10.bxc6 bxc6 11.Qa4 Qc7 12.Be3 Nb6 13.Qa5 Nfd7 14.Ne4 f5 15.Nxd6 
Bxd6 16.c5 Nd5 0-1

[Event "XXIII Festival Conca della Presolana A"]
[Site "Bratto - Castione della Presolana ITA"]
[Date "2003.08.24"]
[Round "4"]
[White "Leoni, Fabrizio"]
[Black "Pegoraro, Nicola"]
[Result "0-1"]
[WhiteElo "2102"]
[BlackElo "2061"]
[PlyCount "88"]
[EventDate "2003.08.21"]

1.Nf3 f5 2.g3 g6 3.Bg2 Bg7 4.d4 Nf6 5.O-O O-O 6.c4 d6 7.Nc3 Nc6 8.Qc2 e5 
9.d5 Ne7 10.Nd2 g5 11.f4 gxf4 12.gxf4 e4 13.Nb3 Ng6 14.Be3 Ng4 15.Bd4 
Bxd4+ 16.Nxd4 Ne3 17.Qd2 Nxf1 18.Rxf1 Bd7 19.Kh1 a6 20.a4 Qf6 21.e3 Rf7 
22.Rg1 Rg7 23.b3 Nh4 24.Qf2 Kh8 25.Nce2 Nxg2 26.Rxg2 Rxg2 27.Kxg2 b5 28.
axb5 axb5 29.cxb5 Ra2 30.Qe1 Qg7+ 31.Qg3 Bxb5 32.Kf1 Bxe2+ 33.Nxe2 Qa1+ 
34.Qe1 Qb2 35.Kf2 Qxb3 36.Qc1 Qd3 37.Qe1 Rd2 38.h4 Kg7 39.h5 Kh6 40.Qf1 
Qxe2+ 41.Qxe2 Rxe2+ 42.Kxe2 Kxh5 43.Kf1 Kg4 44.Kg2 h5 0-1

[Event "XXIII Festival Conca della Presolana A"]
[Site "Bratto - Castione della Presolana ITA"]
[Date "2003.08.24"]
[Round "4"]
[White "Lucaroni, Massimiliano"]
[Black "Manzoni, Alessandro"]
[Result "1-0"]
[WhiteElo "2295"]
[BlackElo "2034"]
[PlyCount "77"]
[EventDate "2003.08.21"]

1.e4 d6 2.d4 Nf6 3.Nc3 g6 4.f4 Bg7 5.Nf3 c5 6.dxc5 Qa5 7.Bd3 Qxc5 8.Qe2 
O-O 9.Be3 Qa5 10.Bd2 Qd8 11.e5 Ng4 12.h3 Nh6 13.g4 Nc6 14.O-O-O dxe5 15.
fxe5 Nd4 16.Nxd4 Qxd4 17.Bg5 Nxg4 18.hxg4 Bxg4 19.Qh2 h5 20.Be2 Qxe5 21.
Qxe5 Bxe5 22.Bxg4 hxg4 23.Bxe7 Rfe8 24.Nd5 Kg7 25.Rde1 f6 26.Ref1 Rh8 27.
Rhg1 f5 28.c3 Rh3 29.Re1 Bg3 30.Bf6+ Kf8 31.Re7 Bh4 32.Rd7 Bxf6 33.Nxf6 g3
34.Nh7+ Rxh7 35.Rxh7 Kg8 36.Rh4 Kf7 37.Rxg3 Rd8 38.Ra4 Kg7 39.Rxa7 1-0

[Event "XXIII Festival Conca della Presolana A"]
[Site "Bratto - Castione della Presolana ITA"]
[Date "2003.08.24"]
[Round "4"]
[White "Mantovani, Renzo"]
[Black "Passoni, Carlo"]
[Result "0-1"]
[WhiteElo "2375"]
[BlackElo "2246"]
[PlyCount "96"]
[EventDate "2003.08.21"]

1.c4 Nf6 2.Nc3 g6 3.g3 d5 4.cxd5 Nxd5 5.Nxd5 Qxd5 6.Nf3 Bg7 7.Bg2 O-O 8.
O-O Nc6 9.d3 Qh5 10.Rb1 a5 11.a3 Bh3 12.Bxh3 Qxh3 13.b4 axb4 14.axb4 Ra2 
15.b5 Nd4 16.Nxd4 Bxd4 17.e3 Bc5 18.d4 Bd6 19.e4 e5 20.Bb2 Re8 21.Qb3 Rxb2
22.Rxb2 exd4 23.Re1 Re5 24.f4 Rc5 25.Rc2 Qd7 26.e5 Rxb5 27.Qa4 Bb4 28.Rb1 
d3 29.Rf2 d2 30.Kg2 c5 31.h4 Qd5+ 32.Kh2 Rb6 33.f5 gxf5 34.Qe8+ Kg7 35.
Rxf5 Qa2 36.Rd1 h6 37.Rf6 Rxf6 38.exf6+ Kxf6 39.Qh8+ Ke7 40.Qe5+ Qe6 41.
Qc7+ Kf8 42.Qd8+ Kg7 43.Ra1 Qe2+ 44.Kh3 Qe1 45.Qd7 Qxa1 46.Qg4+ Kf6 47.
Qf4+ Ke6 48.Qg4+ Kd6 0-1

[Event "XXIII Festival Conca della Presolana A"]
[Site "Bratto - Castione della Presolana ITA"]
[Date "2003.08.24"]
[Round "4"]
[White "Marta, Daniele"]
[Black "Sbarra, Marco"]
[Result "1/2-1/2"]
[WhiteElo "2118"]
[BlackElo "2207"]
[PlyCount "23"]
[EventDate "2003.08.21"]

1.c4 e6 2.Nc3 d5 3.e3 c5 4.cxd5 exd5 5.d4 Nf6 6.Nge2 Nc6 7.g3 c4 8.Bg2 Bb4
9.O-O Bf5 10.Nf4 Bxc3 11.bxc3 Ne4 12.Qe1 1/2-1/2

[Event "XXIII Festival Conca della Presolana A"]
[Site "Bratto - Castione della Presolana ITA"]
[Date "2003.08.24"]
[Round "4"]
[White "Mauro, Alan"]
[Black "Luchsinger, Eric"]
[Result "1-0"]
[WhiteElo "2222"]
[BlackElo "2094"]
[PlyCount "120"]
[EventDate "2003.08.21"]

1.e4 e5 2.Nf3 Nf6 3.Nc3 Nc6 4.Bb5 Bb4 5.O-O O-O 6.d3 Bxc3 7.bxc3 d6 8.Bg5 
Qe7 9.Bxc6 bxc6 10.c4 c5 11.Qd2 Bg4 12.Kh1 Rfb8 13.Rab1 Rb6 14.Rb3 Bd7 15.
Qa5 h6 16.Bh4 g5 17.Bg3 Nh5 18.Rfb1 Qe8 19.Qe1 Ba4 20.Rxb6 axb6 21.Qe2 f6 
22.Rb2 Bd7 23.Nd2 Nf4 24.Bxf4 gxf4 25.Nb1 Qg6 26.Nc3 Bc6 27.h3 Kh7 28.Rb3 
Rg8 29.Qf3 Ra8 30.Kh2 Qg5 31.a4 Kh8 32.Ra3 Ra5 33.Ra1 Ra8 34.Rg1 Rg8 35.
Nb5 Bxb5 36.axb5 Ra8 37.g3 Ra2 38.gxf4 Qxf4+ 39.Qxf4 exf4 40.Rc1 Kg7 41.
Kg2 Kf7 42.Kf3 Ke6 43.Kxf4 h5 44.f3 Rb2 45.Ke3 Ra2 46.f4 Kf7 47.f5 Ra8 48.
Rg1 Rh8 49.Rg6 Rh7 50.h4 Rh8 51.c3 Rh7 52.d4 Rh8 53.Kf4 Rh7 54.e5 dxe5+ 
55.dxe5 fxe5+ 56.Kxe5 Kf8 57.Rc6 Ke8 58.Kf6 Kf8 59.Kg6 Rg7+ 60.Kxh5 Kg8 
1-0

[Event "XXIII Festival Conca della Presolana A"]
[Site "Bratto - Castione della Presolana ITA"]
[Date "2003.08.24"]
[Round "4"]
[White "Mazzariol, Oscar"]
[Black "Brancaleoni, Maurizio"]
[Result "0-1"]
[WhiteElo "2049"]
[BlackElo "2298"]
[PlyCount "112"]
[EventDate "2003.08.21"]

1.d4 Nf6 2.c4 e6 3.Nc3 Bb4 4.e3 O-O 5.Bd3 d5 6.Nf3 b6 7.cxd5 exd5 8.O-O 
Bb7 9.Qc2 a6 10.a3 Bd6 11.b4 Nbd7 12.Bb2 Qe7 13.Rfe1 Ne4 14.g3 c5 15.bxc5 
bxc5 16.Nd2 Ndf6 17.dxc5 Bxc5 18.Nb3 Ng5 19.Qe2 d4 20.exd4 Nf3+ 21.Qxf3 
Bxf3 22.Rxe7 Bxe7 23.Nd2 Bc6 24.Re1 Rfe8 25.Nc4 Rad8 26.Bc1 Bb4 27.Rxe8+ 
Rxe8 28.Bd2 Bxc3 29.Bxc3 Bb5 30.Bd2 Rd8 31.Be3 Nd5 32.Ne5 Bxd3 33.Nxd3 Kf8
34.Kf1 Ke7 35.Nc5 Rd6 36.Ke2 Rb6 37.a4 Kd6 38.h3 Rc6 39.Ne4+ Kc7 40.Nc5 
Kb6 41.Bd2 Kc7 42.Ba5+ Kd6 43.Kd3 Rc8 44.Bd2 Rc6 45.Ba5 Nc7 46.Ne4+ Kd5 
47.Nc3+ Ke6 48.Ne4 f5 49.Nc5+ Kd6 50.g4 g6 51.Bd2 Ne6 52.Nb7+ Kd5 53.Na5 
Rc8 54.Nb3 Rc4 55.a5 fxg4 56.hxg4 Nxd4 0-1

[Event "XXIII Festival Conca della Presolana A"]
[Site "Bratto - Castione della Presolana ITA"]
[Date "2003.08.24"]
[Round "4"]
[White "Muscolino, Attilio"]
[Black "Astengo, Marcello"]
[Result "1-0"]
[WhiteElo "2155"]
[BlackElo "2070"]
[PlyCount "57"]
[EventDate "2003.08.21"]

1.e4 e6 2.d4 d5 3.e5 c5 4.c3 Nc6 5.Nf3 Bd7 6.Bd3 Rc8 7.a3 cxd4 8.cxd4 Qb6 
9.Bc2 Nxd4 10.Nxd4 Bc5 11.Nf3 Bxf2+ 12.Ke2 Nh6 13.Nc3 Ng4 14.Ba4 Rc4 15.
Bxd7+ Kxd7 16.Qd3 Rhc8 17.h3 Nh6 18.g4 Ke8 19.Rb1 Bg3 20.Rf1 Qc7 21.Nb5 
Qb8 22.Nd6+ Kf8 23.Nxc8 Qxc8 24.Bd2 Re4+ 25.Kd1 Bxe5 26.Nxe5 Rxe5 27.Rc1 
Qe8 28.Qc2 Qb5 29.Bb4+ 1-0

[Event "XXIII Festival Conca della Presolana A"]
[Site "Bratto - Castione della Presolana ITA"]
[Date "2003.08.24"]
[Round "4"]
[White "Osuna Munoz, Xavier"]
[Black "Gosio, Denis"]
[Result "0-1"]
[WhiteElo "2097"]
[BlackElo "2160"]
[PlyCount "68"]
[EventDate "2003.08.21"]

1.e4 c5 2.Nf3 e6 3.d4 cxd4 4.Nxd4 Nf6 5.Bd3 d6 6.Nc3 Nc6 7.Be3 Be7 8.O-O 
O-O 9.Kh1 a6 10.f4 Qc7 11.a3 Bd7 12.Nf3 g6 13.Ng5 b5 14.Qf3 b4 15.Ne2 bxa3
16.bxa3 Kg7 17.Qh3 h6 18.Nf3 e5 19.f5 g5 20.Ng3 Rh8 21.Nh5+ Kf8 22.Nxf6 
Bxf6 23.Qh5 Ke7 24.Bc4 Nd8 25.Bd5 Rb8 26.c4 Bc6 27.Rfc1 Bxd5 28.exd5 Nb7 
29.Rab1 Nc5 30.Bxc5 Qxc5 31.Rxb8 Rxb8 32.Qxh6 Rh8 33.Nxe5 Rxh6 34.Nc6+ Kf8
0-1

[Event "XXIII Festival Conca della Presolana A"]
[Site "Bratto - Castione della Presolana ITA"]
[Date "2003.08.24"]
[Round "4"]
[White "Podini, Francesco"]
[Black "Radice, Luca"]
[Result "0-1"]
[WhiteElo "2041"]
[BlackElo "2092"]
[PlyCount "56"]
[EventDate "2003.08.21"]

1.e4 e6 2.d3 d5 3.Nd2 Nf6 4.Ngf3 Nc6 5.c3 a5 6.Be2 dxe4 7.dxe4 e5 8.O-O 
Bc5 9.Qc2 O-O 10.Nc4 Qe7 11.h3 h6 12.Ne3 Rd8 13.Bc4 Be6 14.Bxe6 Qxe6 15.
Nf5 Qc4 16.Bxh6 gxh6 17.Nxh6+ Kg7 18.Nf5+ Kh7 19.Qc1 Bf8 20.Qg5 Ne8 21.
Qh5+ Kg8 22.Ng5 Nf6 23.Qh4 Ne7 24.Ne3 Qc6 25.Qg3 Ng6 26.Nf5 Nxe4 27.Nxe4 
Qxe4 28.Ne3 Qf4 0-1

[Event "XXIII Festival Conca della Presolana A"]
[Site "Bratto - Castione della Presolana ITA"]
[Date "2003.08.24"]
[Round "4"]
[White "Rago, Riccardo"]
[Black "Zanellato, Lorenzo"]
[Result "1-0"]
[WhiteElo "2163"]
[BlackElo "2055"]
[PlyCount "95"]
[EventDate "2003.08.21"]

1.e4 c6 2.d4 d5 3.Nc3 dxe4 4.Nxe4 Bf5 5.Ng3 Bg6 6.Nf3 Nd7 7.h4 h6 8.h5 Bh7
9.Bd3 Bxd3 10.Qxd3 Qc7 11.Bd2 e6 12.O-O-O Ngf6 13.Ne4 O-O-O 14.g3 Nxe4 15.
Qxe4 Be7 16.c4 c5 17.Bf4 Bd6 18.Bxd6 Qxd6 19.Rh4 Nf6 20.Qe5 cxd4 21.Qxd6 
Rxd6 22.Rdxd4 Rxd4 23.Nxd4 Kd7 24.Kc2 Rc8 25.Kd3 Rc5 26.g4 Re5 27.Nf3 Ra5 
28.a3 e5 29.Nd2 Ra6 30.f3 Rd6+ 31.Ke3 Ke6 32.Rh1 Rd7 33.Rc1 g6 34.hxg6 
fxg6 35.b4 Rh7 36.Rg1 Ne8 37.Ne4 Nd6 38.Nxd6 Kxd6 39.Rd1+ Ke6 40.c5 Re7 
41.Rd6+ Kf7 42.Ke4 h5 43.gxh5 gxh5 44.Rh6 Re6 45.Rxh5 Ra6 46.Rh7+ Ke8 47.
Rxb7 Rxa3 48.Kxe5 1-0

[Event "XXIII Festival Conca della Presolana A"]
[Site "Bratto - Castione della Presolana ITA"]
[Date "2003.08.24"]
[Round "4"]
[White "Rigamonti, Stefano"]
[Black "Agnelli, Francesco"]
[Result "1-0"]
[WhiteElo "1905"]
[BlackElo "2102"]
[PlyCount "67"]
[EventDate "2003.08.21"]

1.e4 c5 2.Nf3 Nc6 3.d4 cxd4 4.Nxd4 e5 5.Nb5 d6 6.N1c3 a6 7.Na3 b5 8.Nd5 f5
9.Bd3 f4 10.g3 fxg3 11.hxg3 Nf6 12.Bg5 Be7 13.Nxe7 Qxe7 14.c3 O-O 15.f4 h6
16.Bxf6 Qxf6 17.f5 Qg5 18.Qf3 Be6 19.Rh5 Qf6 20.Nc2 Bf7 21.Rh4 Ne7 22.Ne3 
Rfd8 23.Ng4 Qg5 24.Nxh6+ gxh6 25.Rg4 Qxg4 26.Qxg4+ Kh7 27.Qh4 Ng8 28.g4 d5
29.g5 Kg7 30.O-O-O d4 31.Bc2 Rac8 32.gxh6+ Nxh6 33.f6+ Kh7 34.Rh1 1-0

[Event "XXIII Festival Conca della Presolana A"]
[Site "Bratto - Castione della Presolana ITA"]
[Date "2003.08.24"]
[Round "4"]
[White "Satta, Vladimiro"]
[Black "Alberton, Roberto"]
[Result "1-0"]
[WhiteElo "2242"]
[BlackElo "2113"]
[PlyCount "83"]
[EventDate "2003.08.21"]

1.e4 d6 2.d4 g6 3.Nf3 Bg7 4.c3 Nf6 5.Bd3 O-O 6.O-O Nc6 7.h3 e5 8.dxe5 Nxe5
9.Nxe5 dxe5 10.Bg5 Qd6 11.Qc2 Rd8 12.Rd1 Be6 13.Na3 Qc6 14.Qe2 a6 15.Qf3 
Rxd3 16.Qxd3 Nxe4 17.Qd8+ Qe8 18.Qxa8 Qxa8 19.Rd8+ Qxd8 20.Bxd8 c6 21.Be7 
f5 22.Nc2 Kf7 23.Bd8 Nc5 24.b3 e4 25.Bb6 Nd3 26.Bd4 Bh6 27.Ne1 Nf4 28.Kf1 
Nd5 29.Nc2 f4 30.c4 Ne7 31.Bc5 Nf5 32.Re1 b5 33.cxb5 axb5 34.Rxe4 Bd5 35.
Re1 Bg7 36.Rd1 Nh4 37.f3 Nf5 38.Nb4 Ke6 39.Nxd5 cxd5 40.Ke2 d4 41.Rc1 Kd5 
42.Bb4 1-0

[Event "XXIII Festival Conca della Presolana A"]
[Site "Bratto - Castione della Presolana ITA"]
[Date "2003.08.24"]
[Round "4"]
[White "Shytaj, Carlo"]
[Black "Pedemonte, Claudio"]
[Result "1-0"]
[WhiteElo "2150"]
[BlackElo "1974"]
[PlyCount "45"]
[EventDate "2003.08.21"]

1.e4 d5 2.exd5 Qxd5 3.Nc3 Qa5 4.d4 Nf6 5.Nf3 Bf5 6.Bd3 Bxd3 7.Qxd3 c6 8.
Bd2 e6 9.Ne4 Qd8 10.Nxf6+ Qxf6 11.Qb3 Qe7 12.O-O Na6 13.c4 O-O-O 14.Qa4 
Kb8 15.b4 Nxb4 16.Rab1 c5 17.dxc5 Nd3 18.c6 b6 19.Be3 Nc5 20.Qa5 Rd3 21.
Bf4+ Kc8 22.Rxb6 axb6 23.Qa8# 1-0

[Event "XXIII Festival Conca della Presolana A"]
[Site "Bratto - Castione della Presolana ITA"]
[Date "2003.08.24"]
[Round "4"]
[White "Shytaj, Luca"]
[Black "Barlocco, Carlo"]
[Result "1-0"]
[WhiteElo "2336"]
[BlackElo "2150"]
[PlyCount "49"]
[EventDate "2003.08.21"]

1.e4 Nc6 2.d4 d6 3.Nc3 Nf6 4.f3 g6 5.Be3 Bg7 6.Qd2 O-O 7.Nge2 e5 8.O-O-O 
exd4 9.Nxd4 Re8 10.g4 Nxd4 11.Bxd4 Be6 12.g5 Nd7 13.Bxg7 Kxg7 14.h4 f5 15.
Bd3 Ne5 16.f4 Nxd3+ 17.Qxd3 fxe4 18.Nxe4 Kf7 19.h5 Rh8 20.Qc3 gxh5 21.Rxh5
Bg4 22.g6+ hxg6 23.Ng5+ Qxg5 24.Rxg5 Bxd1 25.Qxc7+ 1-0